000 00402nam a22001697a 4500
003 koha_MIRAKIL
005 20231213095801.0
008 231213b |||||||| |||| 00| 0 ||| d
040 _aTR-IsEVY
_btur
_cTR-IsEVY
082 _a823.914 CAR/K
100 _aJohn Le Carre.
245 0 _aKöstebek.
260 _b[s.n.],
_c1975
300 _a[ ] p.
650 _aİngiliz Edebiyatı.
942 _2ddc
_cBK
999 _c9355
_d9355